Представление документа в формате MARC21

ПолеНазваниеЗначение
  Тип записи a
  Библиографический уровень m
001 Контрольный номер BIBLIOCLUB\0000723462
005 Дата корректировки 20260430154906.0
006 m o d
007 Элементы данных для физической характеристики c|||||||||||||
008 Кодируемые данные s2024 rus o rus d
020 Индекс ISBN __
a ISBN 978-5-8265-2803-7
041 Код языка издания 0_
a Код языка текста rus
084 Индекс другой классификации/Индекс ББК __
a Индекс другой классификации/Индекс ББК 22.195.5я73
b Номер единицы LBC/PL
2 Источник индекса rubbk
084 Индекс другой классификации/Индекс ББК __
a Индекс другой классификации/Индекс ББК 32.973.23я73
b Номер единицы LBC/PL
2 Источник индекса rubbk
100 Автор 1_
a Автор Балабанов П. В.
245 Заглавие 10
a Заглавие Методы и программные средства обработки данных
b Продолж. заглавия практикум
c Ответственность П. В. Балабанов, Д. А. Любимова, Н. М. Гребенникова
260 Выходные данные __
a Место издания Тамбов
b Издательство Тамбовский государственный технический университет (ТГТУ)
c Дата издания 2024
300 Физическое описание __
a Объем 98 с.
b Иллюстрации/ тип воспроизводства ил., табл.
504 Библиография __
a Библиография Библиогр. в кн
653 Ключевые слова 1_
a Ключевые слова Учебник для высшей школы
700 Другие авторы _1
a Другие авторы Гребенникова Н. М.
700 Другие авторы _1
a Другие авторы Любимова Д. А.
856 Электронный адрес документа 40
3 Область применения данных поля Университетская библиотека ONLINE
u URL https://biblioclub.ru/index.php?page=book&id=723462
900 Электронные ресурсы __
a Имя электронного ресурса https://img.biblioclub.ru/sm_cover/01528273a2c2c976e6f9d767865530396rtsu2w584/cover.jpg